Senão...! (Record no. 15851)

MARC details
000 -Etiqueta do registo
Valores 00805nam a2200253 4500
010 ## - Número ISBN
ISBN 9789899107113
021 ## - Número do Depósito Legal
Número 503702/22
100 ## - Dados gerais de processamento
Dados gerais 20221024d2022 c y0pory50030103ba
200 1# - Titulo e menção de responsabilidade
Título próprio Senão...!
Primeira menção de responsabilidade Alice Bassié
Outras menções de responsabilidade il. Sylvain Diez
-- trad. Maurício Corrêa Leite
205 ## - Menção da edição
Edição 1ª ed
210 #9 - Publicação
Local de publicação [S.l.]
Nome do editor The Poets and Dragons Society,
Data de publicação 2022
215 ## - Descrição física 
Paginação / Volumes [26] p.
Outras indicações físicas il.
Dimensões 26 cm
304 ## - Nota relativa ao título
Texto de nota Tít. orig.: Sinon...!
675 ## - CDU
Notação 087.5
Edição BN
Língua por
675 ## - CDU
Notação 821.133.1-93"20"
Edição BN
Língua por
675 ## - CDU
Notação 821.133.1-34"20"
Edição BN
Língua por
700 #1 - Autor principal (pessoa individual)
Apelido Bassié,
Nome Alice
701 #1 - Co-autor principal (pessoa individual)
Apelido Diez,
Nome Sylvain
702 #1 - Autor secundário (pessoa individual)
Apelido Leite,
Nome Maurício Corrêa
801 #0 - Fonte de origem
País PT
Agência BN
Regras de catalogação RPC
856 41 - Localização e acesso electrónico 
URL <a href="http://rnod.bnportugal.gov.pt/ImagesBN/winlibimg.aspx?skey=&doc=2112989&img=170656&save=true">http://rnod.bnportugal.gov.pt/ImagesBN/winlibimg.aspx?skey=&doc=2112989&img=170656&save=true</a>
990 ## - Elementos KOHA
Tipo de documento Livro
Holdings
Situação do levantamento Estado Número Biblioteca de origem Código de barras Cota Permissão de empréstimo Tipo de documento Forma de aquisição
    BMA Biblioteca Municipal do Alandroal C17996/24 087.5 BAS   Livro Compra

Powered by Koha